000 01510nam a2200373 c 4500
003 BLK
005 20240709110923.0
008 180413b bul|||||r ||||||| ||bul||
010 _aKNG00019888000
020 _a954-446-551-0
_bиздат.: Егмонт България - (подв.)
040 _aBLK
041 _aBUL
_cBUL
080 _aАмериканска литература (на САЩ)
_b821.111(73)
_x-93-91
_z821.111(73)-93-91
700 _aИлиева, Лили Христова
_d1956 -
_qИлиева, Лилия Христова
_9241658
139 _aМалката русалка Ариел
_bМ 23
245 1 0 _aМалката русалка Ариел
_bПриказка
_cпрев. Лили Илиева.
250 _a2. изд.
257 _aUSA
260 София
_bЕгмонт България
_c2001
_fПловдив : Полиграфия
300 _a80 с.
_bс цв. ил.
_c23 см
380 _aDX
490 1 _aDisney Чародейства
500 _aБез сведение за ориг. загл. - 1. изд. 1998. - Изд. на Disney. - Офс. изд.
653 _aприказки
653 _aадаптирани книги
653 _aлитература за деца
653 _aдетска литература
852 _aЦб 210353
856 4 _qpdf
_u
856 4 _qpdf
_u
942 _cKNG
_n0
_011
944 _aCR
_c15.01.2003
_lГеновева Генчева
_k30560
944 _aED
_c07.02.2011
_lф /
_k
999 _c17877
_d17877